00394nam a2200121Ia 4500008004100000245008000041260004500121260000900166300000900175500001200184650001300196856006300209170516s9999 xx 000 0 und d aSurface-modified liposomes for syndecan 2–targeted delivery of edelfosine bAsian Journal of Pharmaceutical Sciences c2016 a11:5 aOctober xPharmacy uhttp://www.sciencedirect.com/science/journal/18180876/11/5